Reyes de Reino Unido - Estadísticas

Estadísticas generales
  • Esta prueba ha sido intentada 165 veces
  • La puntuación promedio es 11 de 13
Estadísticas de respuestas
Período Nombre del Rey/Reina % Correcto
2022-Act. Carlos III
98%
1952-2022 Isabel II
98%
1714-1727 Jorge I
89%
1727-1760 Jorge II
89%
1760-1820 Jorge III
89%
1820-1830 Jorge IV
89%
1910-1936 Jorge V
89%
1936-1952 Jorge VI
89%
1901-1910 Eduardo VII
86%
1936 Eduardo VIII
86%
1837-1901 Victoria
84%
1830-1837 Guillermo IV
60%
1707-1714 Ana
46%
No se encontraron pruebas coincidentes
Distribución de puntuación
Porcentaje de gente con cada puntuación
Porcentaje por número respondido
Historial de tus puntuaciones
No has intentado esta prueba.